[Event "Hebraica op 31st"]
[Site "Hebraica"]
[Date "2023.06.30"]
[Round "1"]
[White "Faris, Rafael de Araujo"]
[Black "Bacha, Adriano"]
[Result "1-0"]
[WhiteElo "1714"]
[BlackElo "1210"]
[PlyCount "61"]
[EventDate "2023.06.30"]
[EventType "swiss"]
[EventRounds "6"]
[EventCountry "BRA"]
[SourceTitle "CBM 215 Extra"]
[Source "ChessBase"]
[SourceDate "2023.09.30"]
[SourceVersion "1"]
[SourceVersionDate "2023.09.30"]
[SourceQuality "1"]

1. e4 c5 2. Nf3 d6 3. Bb5+ Bd7 4. Bxd7+ Nxd7 5. c4 g6 6. Nc3 Bg7 7. d4 cxd4 8. Nxd4 Ngf6 9. 0-0 0-0 10. Be3 a6 11. Rc1 Rc8 12. b3 Nc5 13. f3 Nh5 14. Qd2 Re8 15. Rfd1 Qd7 16. Nd5 Qd8 17. Bh6 Bh8 18. g4 Ng7 19. Qf2 Nge6 20. Nxe6 Nxe6 21. f4 b5 22. f5 Nc5 23. fxg6 hxg6 24. Qf3 Bg7 25. Rf1 Rf8 26. Bxg7 Kxg7 27. g5 Ne6 28. Qc3+ Kg8 29. Qe3 Qe8 30. Rf3 Qc6 31. Nxe7+ 1-0

[Event "Hebraica op 25th"]
[Site "Hebraica"]
[Date "2018.01.14"]
[Round "5"]
[White "Faris, Rafael de Araujo"]
[Black "Maraz, Ricardo"]
[Result "0-1"]
[WhiteElo "1537"]
[BlackElo "1636"]
[PlyCount "105"]
[EventDate "2018.01.12"]
[EventType "swiss"]
[EventRounds "6"]
[EventCountry "BRA"]
[SourceTitle "CBM 182 Extra"]
[Source "ChessBase"]
[SourceDate "2018.02.23"]
[SourceVersion "1"]
[SourceVersionDate "2018.02.23"]
[SourceQuality "1"]

1. e4 e5 2. Nf3 Nc6 3. Bc4 Bc5 4. 0-0 Nf6 5. Nc3 0-0 6. d3 h6 7. h3 d6 8. Nd5 Re8 9. c3 a5 10. Be3 Bxe3 11. Nxe3 a4 12. Nh2 Be6 13. Nd5 Na5 14. Nxf6+ Qxf6 15. Bb5 c6 16. Bxa4 b5 17. Bc2 Nb7 18. Ng4 Qg6 19. Bb3 Nc5 20. Bxe6 Nxe6 21. Qf3 Nf4 22. Rfd1 Kh8 23. Ne3 Re6 24. Qg4 Qf6 25. g3 Ng6 26. h4 Ne7 27. Kg2 Rg8 28. f4 exf4 29. gxf4 b4 30. Rdc1 c5 31. f5 Re5 32. Nc4 bxc3 33. Nxe5 cxb2 34. Rab1 bxc1Q 35. Rxc1 Qxe5 36. Rf1 Qf6 37. Kh3 Nc6 38. a4 Ne5 39. Qe2 Ra8 40. Qc2 g6 41. Qb3 g5 42. h5 g4+ 43. Kg3 Qg5 44. Re1 Qxh5 45. Kf2 Qh2+ 46. Ke3 g3 47. Re2 g2 48. Qd5 g1Q+ 49. Kd2 Qf4+ 50. Kc3 Qd4+ 51. Qxd4 cxd4+ 52. Kxd4 Rxa4+ 53. Kd5 0-1